NLSUI OPAC header image

The first 365 days of the United Nations Human Rights Council (Record no. 115638)

MARC details
000 -LEADER
fixed length control field 00446nam a22001697a 4500
003 - CONTROL NUMBER IDENTIFIER
control field OSt
005 - DATE AND TIME OF LATEST TRANSACTION
control field 20191024164016.0
008 - FIXED-LENGTH DATA ELEMENTS--GENERAL INFORMATION
fixed length control field 191024b2006 ||||| |||| 00| 0 eng
040 ## - CATALOGING SOURCE
Transcribing agency NLSIU
082 ## - DEWEY DECIMAL CLASSIFICATION NUMBER
Classification number 341.481 MUL
100 ## - MAIN ENTRY--PERSONAL NAME
9 (RLIN) 93
Personal name Ed by Muller Lars
245 ## - TITLE STATEMENT
Title The first 365 days of the United Nations Human Rights Council
260 ## - PUBLICATION, DISTRIBUTION, ETC.
Name of publisher, distributor, etc. UNHRC
Date of publication, distribution, etc. 2006
300 ## - PHYSICAL DESCRIPTION
Extent 303p
650 ## - SUBJECT ADDED ENTRY--TOPICAL TERM
Geographic subdivision Human Rights council
-- UN proposal
942 ## - ADDED ENTRY ELEMENTS (KOHA)
Source of classification or shelving scheme Dewey Decimal Classification
Koha item type Repository
Holdings
Withdrawn status Lost status Source of classification or shelving scheme Damaged status Not for loan Home library Current library Shelving location Date acquired Source of acquisition Coded location qualifier Total Checkouts Full call number Barcode Date last seen Price effective from Koha item type
    Dewey Decimal Classification     . .   24.10.2019 Gratis Documentat   341.481 MUL REP13462 24.10.2019 24.10.2019 Repository